Countries Of East Africa - Statistics

General Stats
  • This quiz has been taken 43 times
  • The average score is 12 of 14
Answers on the Map
Answers color-coded by a green-red scale on the quiz's map according to % correct below.
 
Answer Stats
Answer % Correct
Kenya
100%
Somalia
93%
South Sudan
93%
Djibouti
90%
Sudan
90%
Tanzania
90%
Ethiopia
87%
Madagascar
87%
Rwanda
87%
Comoros
83%
Eritrea
83%
Uganda
80%
Mauritius
70%
Seychelles
70%
No matching quizzes found
Score Distribution
Percent of People with Each Score
Percentile by Number Answered
Your Score History
You have not taken this quiz